Škola manažmentu Hľadajte výhodnú pozíciu na trhu. 3
Ďalšie techniky a metódy, ktorými sa hodnotí pozícia firmy na trhu: SPACE (Strategic Position Action Evaluation), matica DPM (Directorial Policy Matrix), PIMS (Profit Impact of Market Strategy), tzv. hviezdicová grafika.
Guardado en:
| Autor principal: | |
|---|---|
| Formato: | Capítulo de libro |
| Lenguaje: | eslovaco |
| Materias: | |
| Etiquetas: |
Sin Etiquetas, Sea el primero en etiquetar este registro!
|
MARC
| LEADER | 00000naa a2200000 4500 | ||
|---|---|---|---|
| 001 | r016030 | ||
| 005 | 20240117140305.5 | ||
| 041 | 0 | |a slo | |
| 044 | |a SK | ||
| 245 | 1 | 0 | |a Škola manažmentu |b Hľadajte výhodnú pozíciu na trhu. 3 |c Anna Huščavová |
| 520 | |a Ďalšie techniky a metódy, ktorými sa hodnotí pozícia firmy na trhu: SPACE (Strategic Position Action Evaluation), matica DPM (Directorial Policy Matrix), PIMS (Profit Impact of Market Strategy), tzv. hviezdicová grafika. | ||
| 610 | 2 | 0 | |a metódy riadenia |
| 610 | 2 | 0 | |a manažment |
| 610 | 2 | 0 | |a matice |
| 610 | 2 | 0 | |a firmy |
| 610 | 2 | 0 | |a trh |
| 610 | 2 | 0 | |a konkurencia |
| 610 | 2 | 0 | |a grafy |
| 100 | 1 | |a Huščavová, Anna | |